000
00281pab a2200109 454500
008
180718b xxu||||| |||| 00| 0 eng d
100
_a
George, J
245
_a
Agricultural policy and mode of communication
650
_a
Agricultural Policy - India
773
_a
Mainstream
909
_a
1586
999
_c
1586
_d
1586